Pesničky na texty zo Zorničky a iné spievateľnosti 2.

Bibliographic Details
Main Author: Kříž, Alexander, 1927- (skl, upr)
Format: Musical Score Book
Language:Slovak
PhysicalDescription:[33] s. 30 cm
Published: Nová Lesná Alexander Kříž [2003]
ISBN:809690714X
Edition:[1. vyd.]
Subjects:

MARC

LEADER 00000ncm a2200000 a 4500
001 vtls001466965
003 SK-MaSNL
005 20260331204037.0
008 160624s2003 xo z 0 slo
015 |a SNBH2004/04-01812 
020 |a 809690714X 
035 |a SNK000422270 
040 |a SNK  |b slo  |c SNK  |e AACR2 
041 0 |a slo 
044 |a xo  |c SK 
072 7 |a 784  |2 konspekt 
080 |a 784.67  |2 1981 
080 |a 789  |2 1981 
080 |a 789.5  |2 1981 
080 |a 784.67  |2 2. slo 
100 1 |a Kříž, Alexander,  |d 1927-  |4 skl  |4 upr  |9 88155 
245 1 |a Pesničky na texty zo Zorničky a iné spievateľnosti  |h hudobnina  |c Alexander Kříž  |n 2. 
250 |a [1. vyd.] 
260 |a Nová Lesná  |b Alexander Kříž  |c [2003] 
300 |a [33] s.  |c 30 cm 
500 |a Čiast. text čes. 
500 |a Názov z obalu 
650 0 7 |a vokálna hudba  |2 SNKPH  |9 3442 
650 0 7 |a detské piesne  |2 SNKPH  |9 3415 
655 7 |a HHU  |2 SNK  |9 283804 
919 |a 80-969071-4-X 
924 |a spev a doprovod hudobný 
999 |c 681539  |d 683469 
952 |t P60, <03>, [BOOK], {603}  |a SNK  |b SNK  |y PREZ  |7 0  |p 17A0411769  |o snkHSB 3726  |i snkKSP 998/2004  |0 0  |1 0  |4 0  |d 2004-01-27  |l 0  |r 2005-01-02 00:00:00  |w 2026-02-23 
952 |t P60, <04>, [BOOK], {604}  |a SNK  |b SNK  |y VYP  |7 0  |p 17A0411770  |o snkHSB 3726 D1  |i snkKSP 999/2004  |0 0  |1 0  |4 0  |d 2004-01-27  |l 0  |r 2005-01-02 00:00:00  |w 2026-02-23